000 00652nam a2200253Ia 4500
005 20260121114252.0
008 008 260114s9999 xx 000 0 eng d
020 _a9781119479307
037 _aEBOOK
040 _aCRL
040 _beng
040 _cCRL
041 _2eng
041 _aeng
084 _qCRL
100 _aWilson Chin
_9972907
245 0 _aMeasurement While Drilling (MWD) Signal Analysis, Optimization and Design, Second Edition
260 _bWiley
260 _c2018
856 _uhttps://onlinelibrary.wiley.com/doi/book/10.1002/9781119479307
942 _cEBOOK
999 _c1552161
_d1552161